| 000 | 00648nam a22001817a 4500 | ||
|---|---|---|---|
| 005 | 20251108164846.0 | ||
| 008 | 250721s1994 xx 000 0 ara d | ||
| 082 | 1 | 4 | _a616.994/لمى |
| 100 | 1 | _aنعمان، لمى محمد سعيد | |
| 245 | 1 | 0 |
_aالأورام غير الحميدة : _bطرق علاجها و آثارها الجانبية / |
| 264 | 1 |
_aعمان : _bالجامعة الأردنية - عمادة البحث العلمي، _c1994. |
|
| 300 | _a32ص | ||
| 650 | 1 | 7 | _aمرض السرطان |
| 650 | 1 | 7 | _aالأورام الخبيثة |
| 700 | 1 | _aعبد الرزاق، ماجد حميد | |
| 942 |
_2ddc _cBK |
||
| 999 |
_c16032 _d16032 |
||